Loga drużyn NBA - Statystyki

Ogólne statystyki
  • Ten quiz został rozwiązany 30 razy
  • Średni wynik to 19 z 30
Statystyki odpowiedzi
Obrazkowy Odpowiedź % Poprawnych
Chicago Bulls
100%
Boston Celtics
86%
Golden State Warriors
86%
Los Angeles Lakers
82%
Miami Heat
77%
Houston Rockets
73%
Indiana Pacers
73%
Memphis Grizzlies
73%
San Antonio Spurs
73%
Atlanta Hawks
68%
Denver Nuggets
68%
New York Knicks
68%
Orlando Magic
68%
Charlotte Hornets
64%
Cleveland Cavaliers
64%
Dallas Mavericks
64%
Milwaukee Bucks
64%
Sacramento Kings
64%
Toronto Raptors
64%
Utah Jazz
64%
Brooklyn Nets
55%
Los Angeles Clippers
55%
Minnesota Timberwolves
55%
Portland Trail Blazers
55%
Washington Wizards
55%
Oklahoma City Thunder
50%
Phoenix Suns
50%
Detroit Pistons
41%
New Orleans Pelicans
41%
Philadelphia 76ers
41%
Nie znaleziono quizów pasujących do podanych kryteriów
Rozkład punktacji
Procent ludzi z każdym wynikiem
Percentyl według liczby udzielonych odpowiedzi
Twoja historia wyników
Nie rozwiązałeś tego quizu